Formarsi in Cristo - Donec formetur Christus in vobis. (Record n. 37665)
[ formato base ]
| 000 -LEADER | |
|---|---|
| fixed length control field | 00758nam a22001817a 4500 |
| 003 - CONTROL NUMBER IDENTIFIER | |
| control field | IT-RoPau |
| 005 - DATE AND TIME OF LATEST TRANSACTION | |
| control field | 20220918175937.0 |
| 008 - FIXED-LENGTH DATA ELEMENTS--GENERAL INFORMATION | |
| fixed length control field | 121214b xxu||||| |||| 00| 0 eng d |
| 040 ## - CATALOGING SOURCE | |
| Transcribing agency | IT-RoPau |
| 100 ## - MAIN ENTRY--PERSONAL NAME | |
| Personal name | Alberione Giacomo |
| Fuller form of name | Fondatore Famiglia Paolina |
| 9 (RLIN) | 19 |
| 245 ## - TITLE STATEMENT | |
| Title | Formarsi in Cristo - Donec formetur Christus in vobis. |
| Remainder of title | Meditazioni del Primo Maestro |
| 250 ## - EDITION STATEMENT | |
| Edition statement | I |
| 260 ## - PUBLICATION, DISTRIBUTION, ETC. (IMPRINT) | |
| Place of publication, distribution, etc. | Roma |
| Name of publisher, distributor, etc. | Casa generalizia società San Paolo |
| Date of publication, distribution, etc. | 2001 |
| 300 ## - PHYSICAL DESCRIPTION | |
| Extent | 319 p. |
| Dimensions | 21, 5 cm |
| 490 ## - SERIES STATEMENT | |
| Series statement | Opera Omnia |
| Volume/sequential designation | I |
| 520 ## - SUMMARY, ETC. | |
| Summary, etc. | SOMMARIO <br/>AVVERTENZE<br/>SIGLE <br/>INTRODUZIONE<br/>PRESENTAZIONE<br/>DONEC FORMETUR CHRISTUS IN VOBIS<br/>PREAMBOLO<br/>VITA PURGATIVA<br/>VITA ILLUMINATIVA<br/>VIA UNITIVA<br/>MEZZI DI GRAZIA<br/>APOSTOLATO STAMPA<br/>NOZIONI UTILI<br/>APPENDICE<br/><br/>ALLEGATI<br/><br/>INDICI<br/> |
| 942 ## - ADDED ENTRY ELEMENTS (KOHA) | |
| Source of classification or shelving scheme | Dewey Decimal Classification |
| Koha item type | LIBRO |
| Withdrawn status | Lost status | Source of classification or shelving scheme | Damaged status | Not for loan | Home library | Current library | Date acquired | Total Checkouts | Full call number | Date last seen | Price effective from | Koha item type |
|---|---|---|---|---|---|---|---|---|---|---|---|---|
| Dewey Decimal Classification | Buone Condizioni | Not For Loan | PAULUS-BIBLIOTECA | PAULUS-BIBLIOTECA | 14/12/2012 | PA7 | 14/12/2012 | 14/12/2012 | LIBRO | |||
| Dewey Decimal Classification | Buone Condizioni | Not For Loan | PAULUS-BIBLIOTECA | PAULUS-BIBLIOTECA | 14/12/2012 | PA7 | 14/12/2012 | 14/12/2012 | LIBRO |